Memoria de las inundaciones de Sevilla (Record no. 154891)

MARC details
000 -LEADER
campo de control de longitud fija 00657nam a2200169 i 4500
001 - NÚMERO DE CONTROL
campo de control 154891
003 - IDENTIFICADOR DE NÚMERO DE CONTROL
campo de control ES-MaACL
005 - FECHA Y HORA DE LA ÚLTIMA TRANSACCIÓN
campo de control 20230906205907.0
008 - DATOS DE LONGITUD FIJA--INFORMACIÓN GENERAL
campo de control de longitud fija 010313s1877 sp |||| | spa d
040 ## - FUENTE DE CATALOGACIÓN
Centro catalogador/agencia de origen CCPB | B
Lengua de catalogación spa
Centro/agencia transcriptor CCPB | B
100 1# - ENTRADA PRINCIPAL--NOMBRE DE PERSONA
Nombre de persona Guichot, Joaquín (
Fechas asociadas al nombre 1820-1906)
9 (RLIN) 151747
245 10 - MENCIÓN DEL TÍTULO
Título Memoria de las inundaciones de Sevilla
Resto del título : en los meses de diciembre del año 1876 y enero de 1877 /
Mención de responsabilidad, etc. escrita por J. Guichot.
260 ## - PUBLICACIÓN, DISTRIBUCIÓN, ETC.
Lugar de publicación, distribución, etc. Sevilla :
Nombre del editor, distribuidor, etc. [s.n.],
Fecha de publicación, distribución, etc. 1877 (
Fabricante imprenta de Gironés y Orduña)
300 ## - DESCRIPCIÓN FÍSICA
Extensión VII, 134 p. ;
Dimensiones 24 cm.
650 #4 - PUNTO DE ACCESO ADICIONAL DE MATERIA--TÉRMINO DE MATERIA
Término de materia o nombre geográfico como elemento de entrada Inundaciones-
Subdivisión geográfica Sevilla-
Subdivisión cronológica 1876-1877.
9 (RLIN) 136310
852 ## - LOCALIZACIÓN
Ubicación ES-MaACL
Número de control de estantería G-11892
Nota libre -- Enc. pasta española
Holdings
Estatus retirado Estado de pérdida Estado de daño No para préstamo Colección Biblioteca de origen Biblioteca actual Ubicación en estantería Fecha de adquisición Fuente de adquisición Total de préstamos Signatura topográfica completa Código de barras Visto por última vez Precio de reemplazo Tipo de ítem Koha
        Libros del s. XIX Biblioteca del Ateneo de Madrid Biblioteca del Ateneo de Madrid Sala Pecera Planta 3 17/01/2008     G-11892 1162022 23/02/2023 23/02/2023 Libro impreso antiguo